000 00499nam a22001577a 4500
999 _c12865
_d12865
008 210614b ||||| |||| 00| 0 eng d
082 0 0 _a005.7
_bS9385
100 _95050
_aSu, Y. W. Stanley
245 1 0 _aDatabase computers: principles, architectures and techniques /
_cby Y.W. Stanley Su
250 _a1st ed.
260 _aNew York:
_bMcGraw Hill Book Company,
_cc1998.
300 _axiv, 497p.
490 0 _aMcGraw Hill Computer Science Series
650 0 _aDatabase Management
942 _cBK